000 00873cam a2200265 4500
008 000000n2004 000 0 eng u
020 _a1900858967
022 _a0261-2933
035 _a(Sirsi) u125741
041 _aeng
050 _a692.5
_c18
110 _aBuilding Maintenance Information
_93229
245 _aBMI building maintenance price book 2004
250 _a24th ed.
260 _aLondon
_bBMI
_c2004
300 _a244p.
_c22cm
350 _a79.00
520 _aAims to represent reasonable prices for maintenance and repair work and as such provides a realistic and useful source of maintenance cost information for estimating and pricing.
650 _aBUILT ENVIRONMENT-BUILDING COSTS
650 _aLABOUR COSTS
650 _aMAINTENANCE COSTS
650 _aBUILDING PRICE BOOKS
690 _aBUILT ENVIRONMENT-BUILDING COSTS
942 _n0
999 _c103458
_d103458